Score 0/60 Timer 12:00
0 Plays Today
Club Manager % Correct
ArsenalArsene Wenger
98.2%
ArsenalMikel Arteta
97.5%
ChelseaFrank Lampard
95.5%
Manchester UnitedJose Mourinho
94%
Tottenham HotspurJose Mourinho
94%
LiverpoolJurgen Klopp
92.9%
Leicester CityBrendan Rodgers
92.2%
LiverpoolBrendan Rodgers
92.2%
Manchester CityPep Guardiola
91.8%
EvertonCarlo Ancelotti
91.3%
ArsenalUnai Emery
91.1%
ChelseaAntonio Conte
90.7%
Manchester UnitedOle Gunnar Solskjaer
89.2%
Crystal PalaceRoy Hodgson
88.3%
Manchester UnitedLouis van Gaal
88%
West Ham UnitedDavid Moyes
87.2%
West Ham UnitedDavid Moyes
87.2%
Manchester CityManuel Pellegrini
86.4%
West Ham UnitedManuel Pellegrini
86.4%
ChelseaMaurizio Sarri
86.2%
BurnleySean Dyche
85.8%
Leeds UnitedMarcelo Bielsa
85.8%
Tottenham HotspurMauricio Pochettino
85.6%
Manchester CityRoberto Mancini
84.7%
Aston VillaSteve Bruce
84.1%
Newcastle UnitedSteve Bruce
84.1%
Newcastle UnitedRafael Benitez
82.2%
FulhamScott Parker
81.5%
West Bromwich AlbionSlaven Bilic
79.8%
Wolverhampton WanderersNuno Espirito Santo
78.6%
Club Manager % Correct
Aston VillaDean Smith
78.3%
LiverpoolKenny Dalglish
77%
Brighton & Hove AlbionGraham Potter
74.6%
Crystal PalaceFrank de Boer
74.1%
Crystal PalaceSam Allardyce
73.2%
EvertonSam Allardyce
73.2%
EvertonMarco Silva
71.4%
FulhamClaudio Ranieri
68.8%
Brighton & Hove AlbionChris Hughton
68.5%
Leicester CityClaude Puel
68.4%
Sheffield UnitedChris Wilder
68%
SouthamptonRalph Hasenhuttl
67.3%
West Bromwich AlbionAlan Pardew
60.9%
Leicester CityCraig Shakespeare
60.1%
BurnleyEddie Howe
60%
SouthamptonMark Hughes
59.6%
Tottenham HotspurTim Sherwood
59.1%
SouthamptonMauricio Pellegrino
48.3%
West Bromwich AlbionDarren Moore
45.1%
Aston VillaRoberto Di Matteo
40%
FulhamSlavisa Jokanovic
38.3%
Brighton & Hove AlbionSami Hyypia
35.3%
Newcastle UnitedSteve McClaren
30.1%
Wolverhampton WanderersPaul Lambert
23.9%
BurnleyBrian Laws
15.6%
Sheffield UnitedNigel Adkins
11%
Wolverhampton WanderersWalter Zenga
10%
Sheffield UnitedNigel Clough
9.7%
Leeds UnitedPaul Heckingbottom
9.5%
Leeds UnitedThomas Christiansen
5.6%
Remove Ads.
Support Sporcle.
Get the best of Sporcle when you Go Orange. This ad-free experience offers more features, more stats, and more fun while also helping to support Sporcle. Thank you for becoming a member.

You're not logged in!

Compare scores with friends on all Sporcle quizzes.
OR
Log In

Show Comments

Extras

Top Quizzes Today


Score Distribution

Your Account Isn't Verified!

In order to create a playlist on Sporcle, you need to verify the email address you used during registration. Go to your Sporcle Settings to finish the process.

Report this User

Report this user for behavior that violates our Community Guidelines.

Details: